[Event "Muensterland Verbandsklasse-A 1112"]
[Site "Germany"]
[Date "2012.03.10"]
[Round "7.7"]
[White "Behrend, Bastian"]
[Black "Keil, Heinrich"]
[Result "1-0"]
[WhiteElo "1556"]
[BlackElo "1571"]
[PlyCount "99"]
[EventDate "2011.09.17"]
[EventType "team-tourn"]
[EventRounds "9"]
[EventCountry "GER"]
[SourceTitle "EXT 2013"]
[Source "ChessBase"]
[SourceDate "2012.11.22"]
[SourceVersion "1"]
[SourceVersionDate "2012.11.22"]
[SourceQuality "1"]
[WhiteTeam "Olfen"]
[BlackTeam "Ostbevern Westbevern II"]
[WhiteTeamCountry "GER"]
[BlackTeamCountry "GER"]

1. f4 c5 2. Nf3 e6 3. e3 Nc6 4. b3 Nf6 5. Bb2 Be7 6. Bb5 a6 7. Bxc6 bxc6 8. d3 0-0 9. Nbd2 d6 10. Qe2 Bb7 11. 0-0 Qc7 12. Nc4 Rfd8 13. h3 Ne8 14. g4 f6 15. Qg2 d5 16. Ncd2 Bc8 17. g5 Kh8 18. Nh2 Nd6 19. Rae1 Nf5 20. Qg4 e5 21. gxf6 Bxf6 22. Qd1 Bh4 23. Bxe5 Qf7 24. Re2 Ng3 25. Rg2 Bxh3 26. Rff2 Bxg2 27. Rxg2 Qh5 28. Bxg7+ Kg8 29. Qxh5 Nxh5 30. Bf6+ Kf7 31. Bxh4 Re8 32. Ng4 Ke6 33. Nf3 Rg8 34. Ng5+ Kd7 35. Nxh7 Rh8 36. Ng5 Ng7 37. Ne5+ Kc7 38. Be1 Nf5 39. Kf2 Rae8 40. Bc3 Rh1 41. Ba5+ Kb7 42. e4 Nd4 43. Ke3 Rc1 44. c3 Nb5 45. Ngf7 d4+ 46. cxd4 cxd4+ 47. Kd2 Ra1 48. Rg7 Rxa2+ 49. Ke1 Kc8 50. Nc4 1-0

[Event "Muensterland Verbandsklasse-A 1112"]
[Site "Germany"]
[Date "2012.01.14"]
[Round "5.7"]
[White "Tuente, Hans"]
[Black "Keil, Heinrich"]
[Result "1-0"]
[WhiteElo "1594"]
[BlackElo "1571"]
[PlyCount "103"]
[EventDate "2011.09.17"]
[EventType "team-tourn"]
[EventRounds "9"]
[EventCountry "GER"]
[SourceTitle "EXT 2013"]
[Source "ChessBase"]
[SourceDate "2012.11.22"]
[SourceVersion "1"]
[SourceVersionDate "2012.11.22"]
[SourceQuality "1"]
[WhiteTeam "Bocholt II"]
[BlackTeam "Ostbevern Westbevern II"]
[WhiteTeamCountry "GER"]
[BlackTeamCountry "GER"]

1. d4 Nf6 2. Nc3 d5 3. Bg5 c6 4. f3 Qa5 5. Bxf6 exf6 6. e3 Nd7 7. Qd2 f5 8. Bd3 Nf6 9. Nh3 Bd6 10. 0-0 Qc7 11. f4 0-0 12. Ng5 Re8 13. Rae1 h6 14. Nf3 Ne4 15. Bxe4 fxe4 16. Ne5 Bf5 17. Qd1 Bxe5 18. fxe5 Qd7 19. Qh5 Bg6 20. Qh4 Qe7 21. Qf2 Rf8 22. Ne2 Rae8 23. Nf4 Qg5 24. Qe2 f6 25. exf6 Rxf6 26. c4 Rd6 27. cxd5 cxd5 28. Qb5 Re7 29. Rc1 Be8 30. Rc8 Rc6 31. Qxd5+ Qxd5 32. Nxd5 Ree6 33. Rxc6 Bxc6 34. Nc3 a6 35. d5 Bxd5 36. Nxd5 Rd6 37. Nc3 Rd2 38. Rf2 Rd3 39. Re2 Kf7 40. Kf2 Ke6 41. Nxe4 Kd5 42. Nc3+ Ke6 43. h3 b5 44. e4 Ke5 45. a3 Rd4 46. Ke3 a5 47. Rd2 Rxd2 48. Kxd2 b4 49. axb4 axb4 50. Nd5 b3 51. Ke3 g5 52. g4 1-0

[Event "GER-ch Seniors Gp-B 19th"]
[Site "Templin"]
[Date "2007.08.29"]
[Round "7"]
[White "Keil, Heinrich"]
[Black "Krueger, Bernhard"]
[Result "1/2-1/2"]
[WhiteElo "1459"]
[BlackElo "1521"]
[PlyCount "26"]
[EventDate "2007.08.23"]
[EventType "swiss"]
[EventRounds "9"]
[EventCountry "GER"]
[SourceTitle "EXT 2022"]
[Source "ChessBase"]
[SourceDate "2021.10.06"]
[SourceVersion "1"]
[SourceVersionDate "2021.10.06"]
[SourceQuality "1"]

1. c4 c5 2. g3 Nc6 3. Bg2 g6 4. Nc3 Bg7 5. e4 e6 6. Nge2 a6 7. a3 Nge7 8. 0-0 0-0 9. d3 d6 10. Rb1 Rb8 11. b4 cxb4 12. axb4 b5 13. cxb5 axb5 1/2-1/2

[Event "GER-ch Seniors Gp-B 19th"]
[Site "Templin"]
[Date "2007.08.27"]
[Round "5"]
[White "Keil, Heinrich"]
[Black "Kraemer, Franz Josef"]
[Result "1/2-1/2"]
[WhiteElo "1459"]
[BlackElo "1645"]
[PlyCount "54"]
[EventDate "2007.08.23"]
[EventType "swiss"]
[EventRounds "9"]
[EventCountry "GER"]
[SourceTitle "EXT 2022"]
[Source "ChessBase"]
[SourceDate "2021.10.06"]
[SourceVersion "1"]
[SourceVersionDate "2021.10.06"]
[SourceQuality "1"]

1. c4 e5 2. g3 Nf6 3. Bg2 Bc5 4. Nc3 c6 5. d3 0-0 6. a3 Re8 7. e3 d5 8. cxd5 cxd5 9. Nge2 Nc6 10. b4 Bb6 11. 0-0 Be6 12. Na4 Bc7 13. Nc5 Bc8 14. Bb2 b6 15. Nb3 Bg4 16. f3 Bd7 17. Rc1 Ne7 18. Qd2 Ba4 19. Na1 Rc8 20. Bh3 Bd7 21. Bg2 Nf5 22. e4 Nd6 23. Nc3 Bb5 24. Bh3 Bd7 25. Bxd7 Qxd7 26. Nb3 Nb5 27. a4 Nd4 1/2-1/2

[Event "GER-ch Seniors Gp-B 19th"]
[Site "Templin"]
[Date "2007.08.23"]
[Round "1"]
[White "Keil, Heinrich"]
[Black "Eppel, Werner"]
[Result "1/2-1/2"]
[WhiteElo "1459"]
[BlackElo "1676"]
[PlyCount "111"]
[EventDate "2007.08.23"]
[EventType "swiss"]
[EventRounds "9"]
[EventCountry "GER"]
[SourceTitle "EXT 2022"]
[Source "ChessBase"]
[SourceDate "2021.10.06"]
[SourceVersion "1"]
[SourceVersionDate "2021.10.06"]
[SourceQuality "1"]

1. c4 e5 2. g3 c6 3. Bg2 Nf6 4. Nc3 Na6 5. e4 Bc5 6. Nge2 Nc7 7. d4 exd4 8. Nxd4 d6 9. 0-0 a6 10. Bg5 0-0 11. a3 Ne6 12. Nxe6 Bxe6 13. Qd3 Bb6 14. Rad1 Bc7 15. h3 Qe7 16. Kh2 h6 17. Bf4 Rad8 18. Qe2 Nd7 19. Be3 Kh7 20. f4 f6 21. b3 Rfe8 22. Qf2 Rf8 23. Qe2 Rde8 24. Bf2 Bf7 25. Qd2 Rd8 26. Bg1 Rfe8 27. Rfe1 Qf8 28. Qc2 Bg6 29. Qc1 Kh8 30. Bf2 Bh7 31. Bg1 Qf7 32. Bf2 Bb6 33. Bxb6 Nxb6 34. Qe3 Nc8 35. Qc1 Bg8 36. Qc2 Qc7 37. Qf2 Qa5 38. Qb2 Re7 39. Bf3 Be6 40. Bg2 Qb6 41. Qc2 Red7 42. Rd2 a5 43. Na4 Qc7 44. Red1 b5 45. Nb2 Kg8 46. Bf1 Na7 47. Rc1 Qb7 48. Rcd1 Rb8 49. Rxd6 Rxd6 50. Rxd6 Qe7 51. Qd2 bxc4 52. Nxc4 Nb5 53. Rxc6 Bxc4 54. Bxc4+ Kh8 55. Bxb5 Rxb5 56. Qc2 1/2-1/2

[Event "Muenster Bezirksliga 0607"]
[Site "Germany"]
[Date "2006.11.18"]
[Round "3.6"]
[White "Keil, Heinrich"]
[Black "Hund, Reinhard"]
[Result "1/2-1/2"]
[WhiteElo "1394"]
[BlackElo "1656"]
[PlyCount "81"]
[EventDate "2006.09.16"]
[EventType "team"]
[EventRounds "9"]
[EventCountry "GER"]
[SourceTitle "EXT 2008"]
[Source "ChessBase"]
[SourceDate "2007.11.25"]
[SourceVersion "1"]
[SourceVersionDate "2007.11.25"]
[SourceQuality "1"]
[WhiteTeam "Westbevern II"]
[BlackTeam "Muenster SK V"]
[WhiteTeamCountry "GER"]
[BlackTeamCountry "GER"]

1. c4 f5 2. g3 e6 3. Bg2 Nf6 4. Nc3 d5 5. e3 c6 6. b3 Be7 7. Nge2 0-0 8. 0-0 Ne4 9. Bb2 Nxc3 10. Bxc3 Nd7 11. d3 Nf6 12. Qc2 Qe8 13. h3 g5 14. Rad1 Qg6 15. Kh2 Bd7 16. Be5 Rad8 17. Qc3 Bc8 18. c5 h5 19. b4 a6 20. Qd4 Nd7 21. f4 Nxe5 22. fxe5 Rf7 23. Rf2 Rdf8 24. Rdf1 h4 25. g4 fxg4 26. Rxf7 Rxf7 27. Rxf7 g3+ 28. Kg1 Qxf7 29. e4 Bd7 30. Qe3 Be8 31. Nd4 Qg6 32. Bf3 Bf7 33. a3 Bf8 34. Nb3 Bh6 35. Bg4 Qg7 36. d4 Qf8 37. Qf3 Bg7 38. Kg2 Qe7 39. Na5 Bg6 40. exd5 cxd5 41. Qe3 1/2-1/2

[Event "GER-ch Seniors Gp-B 18th"]
[Site "Dresden"]
[Date "2006.07.22"]
[Round "1"]
[White "Hermann, Armin"]
[Black "Keil, Heinrich"]
[Result "1-0"]
[WhiteElo "1593"]
[BlackElo "1383"]
[PlyCount "129"]
[EventDate "2006.07.22"]
[EventType "swiss"]
[EventRounds "9"]
[EventCountry "GER"]
[SourceTitle "EXT 2022"]
[Source "ChessBase"]
[SourceDate "2021.10.06"]
[SourceVersion "1"]
[SourceVersionDate "2021.10.06"]
[SourceQuality "1"]

1. Nf3 c5 2. e3 e6 3. d4 Nf6 4. Nbd2 Nc6 5. Bd3 b6 6. c3 h6 7. Qe2 Qc7 8. 0-0 Be7 9. Re1 0-0 10. dxc5 bxc5 11. e4 d6 12. Nf1 Bb7 13. h3 Ne5 14. Nxe5 dxe5 15. Ng3 Rfd8 16. Be3 Bc6 17. Rad1 Rab8 18. Bc1 Qb6 19. Nh5 Bb5 20. Nxf6+ Bxf6 21. Bxb5 Qxb5 22. Rxd8+ Bxd8 23. Qxb5 Rxb5 24. Rd1 Rb8 25. Be3 Bb6 26. Rd6 c4 27. Bxb6 axb6 28. Kf1 Kf8 29. Ke2 Ke7 30. Rc6 b5 31. Rc7+ Ke8 32. Kd2 Rd8+ 33. Kc2 Rb8 34. Rc5 Ke7 35. Rc7+ Kf8 36. Ra7 Ke8 37. b3 cxb3+ 38. Kxb3 Rd8 39. Kc2 Rb8 40. Ra5 f6 41. Ra7 Kf8 42. Rd7 Rb6 43. a3 Kg8 44. Kb3 Rc6 45. Kb4 Rc4+ 46. Kxb5 Rxc3 47. a4 Rc2 48. a5 Rxf2 49. a6 Rb2+ 50. Kc6 f5 51. exf5 exf5 52. a7 Rc2+ 53. Kd6 Ra2 54. Rd8+ Kf7 55. a8Q Rxa8 56. Rxa8 e4 57. Ra3 Kf6 58. Kd5 Kg5 59. Rg3+ Kf4 60. Rxg7 Ke3 61. Rg3+ Kf2 62. Ra3 e3 63. Ra2+ Kg3 64. Re2 f4 65. Kd4 1-0

[Event "Muensterland Verbandsklasse-B 0506"]
[Site "Germany"]
[Date "2006.05.06"]
[Round "9.7"]
[White "Keil, Heinrich"]
[Black "Peter, Christoph"]
[Result "1-0"]
[WhiteElo "1394"]
[BlackElo "786"]
[PlyCount "57"]
[EventDate "2005.09.03"]
[EventType "team-tourn"]
[EventRounds "9"]
[EventCountry "GER"]
[SourceTitle "EXT 2006"]
[Source "ChessBase"]
[SourceDate "2005.11.24"]
[SourceVersion "1"]
[SourceVersionDate "2005.11.24"]
[SourceQuality "1"]
[WhiteTeam "Westbevern II"]
[BlackTeam "Duelmen"]
[WhiteTeamCountry "GER"]
[BlackTeamCountry "GER"]

1. c4 g6 2. g3 Bg7 3. Bg2 Nf6 4. Nc3 b6 5. Bxa8 0-0 6. Bg2 c6 7. d3 Bb7 8. e4 d5 9. Nge2 d4 10. Nb1 c5 11. Nd2 Nc6 12. 0-0 Re8 13. Nf4 Nb4 14. a3 Nc6 15. Nf3 e5 16. Nd5 Bc8 17. Bg5 Qd6 18. Nxf6+ Bxf6 19. Bxf6 Qxf6 20. h3 a6 21. Rb1 b5 22. b3 b4 23. axb4 Nxb4 24. Ra1 Re7 25. Ne1 Ra7 26. f4 exf4 27. Rxf4 Qg5 28. Qf3 Nc2 29. Nxc2 1-0

[Event "Muensterland Verbandsklasse-B 0506"]
[Site "Germany"]
[Date "2005.09.03"]
[Round "1.8"]
[White "Morrien, Rolf"]
[Black "Keil, Heinrich"]
[Result "1-0"]
[WhiteElo "1699"]
[BlackElo "1394"]
[PlyCount "67"]
[EventDate "2005.09.03"]
[EventType "team-tourn"]
[EventRounds "9"]
[EventCountry "GER"]
[SourceTitle "EXT 2006"]
[Source "ChessBase"]
[SourceDate "2005.11.24"]
[SourceVersion "1"]
[SourceVersionDate "2005.11.24"]
[SourceQuality "1"]
[WhiteTeam "Metelen"]
[BlackTeam "Westbevern II"]
[WhiteTeamCountry "GER"]
[BlackTeamCountry "GER"]

1. f4 g6 2. Nf3 Bg7 3. e3 c5 4. c3 e6 5. d4 cxd4 6. exd4 Nf6 7. Bd3 0-0 8. 0-0 b6 9. Qe1 Bb7 10. Nbd2 d6 11. Ne4 Nxe4 12. Bxe4 Qc7 13. Ng5 Nd7 14. Bxb7 Qxb7 15. Ne4 d5 16. Ng5 Nf6 17. Qh4 Rae8 18. Be3 Qa6 19. Qe1 Ne4 20. Nxe4 dxe4 21. a3 Qc4 22. Rd1 Rd8 23. g4 f5 24. g5 Rd5 25. Rf2 Kf7 26. h4 Rb5 27. Rh2 Rh8 28. h5 Qd5 29. Qe2 Rb3 30. h6 Bf8 31. Qa6 Qd7 32. Rhd2 Rb5 33. Qa4 Be7 34. c4 1-0